000 00370cam a22001097a 4500
008 180718b1980 xxu||||| |||| 00| 0 eng d
082 _aA8x5453 H/1979
100 _aKerala. Bureau of Economics and Statistics
245 _aStatistical hand book of Kerala, 1979
_cby Bureau of Economics and Statistics
260 _aTrivandrum
_bGovernment of Kerala
_c1980
300 _a361p.
999 _c503537
_d503537